Manual de ISO 9000

Đã lưu trong:
Chi tiết về thư mục
Tác giả chính: Peach, Robert W. (autor)
Định dạng: Sách
Ngôn ngữ:Tiếng Tây Ban Nha
Được phát hành: Ciudad de México McGraw-Hill 1999
Những chủ đề:
Các nhãn: Thêm thẻ
Không có thẻ, Là người đầu tiên thẻ bản ghi này!

MARC

LEADER 00000nam a2200000 a 4500
001 UCM8479
003 CL-VaPUC
008 030314e19990000MX |||||||||||||||||spa|d
020 |a 9701022645 
082 0 4 |a 658.562  |b PEA  |2 21 
100 |a Peach, Robert W.  |e autor  |9 474541 
245 1 0 |a Manual de ISO 9000 
300 |a 926 p 
942 |c BK 
945 |d 20030314 00:00:00  |a cmena 
260 |a Ciudad de México  |b McGraw-Hill  |c 1999 
650 0 |a Control de calidad   |9 259714 
650 0 |a Normalización  |9 262666 
650 7 |a ISO 9000  |2 CL-VaPUC  |9 330809 
650 0 |a Administración de empresas   |9 260833 
650 0 |a Planificación estratégica   |9 259735 
583 |a last modification  |c 20030314 00:00:00  |k Rodrigo Vera 
999 |c 302980  |d 302978 
952 |0 0  |1 0  |4 0  |6 658_562000000000000_PEA_1999  |7 0  |8 F  |9 363871  |a BIBING  |b BIBING  |d 2019-11-21  |i 3882357  |o 658.562 PEA 1999  |p 3882357  |r 2025-01-20  |w 2019-11-21  |y BK_F  |k CCL 
952 |0 0  |1 0  |4 0  |6 658_562000000000000_PEA_1999  |7 0  |8 F  |9 363872  |a BIBING  |b BIBING  |d 2019-11-21  |i 3958108  |l 1  |o 658.562 PEA 1999  |p 3958108  |r 2025-01-20  |s 2024-04-10  |w 2019-11-21  |y BK_F  |k CCL